000 00889nam0a22002531 4500
001 rc\701370
005 20031121170528.5
035 _a(NLR Aleph) 005937180
090 _a6640297
_c6640297
100 _a20031121d1985 u |0rusy50 ca
101 0 _arus
102 _aRU
105 _ay |||||||||
200 1 _aЭпидемиологические исследования в здравоохранении
_e(Лекция)
_fМ-во здравоохранения СССР, Центр. ин-т усоверш. врачей
210 _aМ.
_cБ. и.
_d1985
215 _a43 с.
_d20
320 _aБиблиогр.: с. 42-43
700 1 _aСлучанко
_bИ. С.
_gИнесса Сергеевна
701 1 _aСтоногина
_bВ. П.
_gВера Петровна
801 0 _aRU
_bNLR
_gpsbo
801 1 _aRU
_bELAR
_2rusmarc
852 _aNLR
_j86-4/23567
942 _cBOOK
980 _aNB